| 000 | 00846nam a2200313 a 4500 | ||
|---|---|---|---|
| 003 | OSt | ||
| 005 | 20140311161028.0 | ||
| 008 | 070416s19uu xx 00 eng d | ||
| 020 | _a1414403747 | ||
| 020 | _a1414410441 | ||
| 020 | _a1414403755 (vol.1) | ||
| 020 | _a1414403763 (vol.2) | ||
| 020 | _a141440771 (vol.3) | ||
| 020 | _a141440378X (vol.4) | ||
| 020 | _a1414403798 (vol.5) | ||
| 050 |
_aRT 21 _b.G353 2006 |
||
| 245 |
_aThe Gale encyclopedia of nursing and allied health. / _cJacqueline L. Longe, editor. |
||
| 250 | _a2nd ed. | ||
| 260 |
_aU.S.A : _bThomson Gale, _c2006. |
||
| 300 |
_a711 p. : _c29 cm. _bcol. ill ; |
||
| 650 |
_aMedicine _xEncyclopedias. |
||
| 650 |
_aNursing _xEncyclopedias. |
||
| 942 |
_cBK _2lcc |
||
| 999 |
_c21994 _d21994 |
||